Guess the Commercial Aircrafts by Picture - Statistics

General Stats
  • This quiz has been taken 97 times
  • The average score is 13 of 29
Answer Stats
Picture Answer % Correct
Airbus A318
87%
Airbus A319
81%
Airbus A380
79%
Airbus A340
69%
Boeing 747-400
67%
Airbus A350
65%
Airbus A330
62%
Boeing 747-800
60%
Boeing 737-200
51%
Boeing 737-500
49%
Boeing 737-700
49%
Boeing 737-800
49%
Airbus A320 Neo
46%
Boeing 737-100
46%
Boeing 737-900
46%
Boeing 737-800 Max
40%
Boeing 787-8
40%
Airbus A321 Neo
38%
Boeing 787-9
38%
Boeing 737-900 Max
37%
Boeing 787-10
37%
Boeing 707
31%
Boeing 727
31%
Boeing 717
28%
Boeing 767
28%
Boeing 757
26%
Boeing 777-300ER
15%
Boeing 777-200ER
13%
Boeing 777-200LR
12%
No matching quizzes found
Score Distribution
Percent of People with Each Score
Percentile by Number Answered
Your Score History
You have not taken this quiz